01668cam a2200337 a 450000100060000000300080000600500170001400800390003102000150007003500190008504000320010404100080013608200250014410000340016924500990020326000380030230000340034050000430037450400390041765000380045665000450049470000280053970000280056794200120059599900170060795201430062495201430076795201400091095201400105095201400119014166BD-RjUL20211208235601.0140205s1982 nyua b 001 0 eng a030640706X a(BD-RjUL)14218 aDLCcDLCdDLCdBD-RjULbeng aeng00a632.96219bVAI 19821 aVan den Bosch, Robert.94424013aAn introduction to biological control /cRobert van den Bosch, P.S. Messenger, A.P. Gutierrez. aNew York :bPlenum Press,cc1982. axiv, 247 p. :bill. ;c24 cm. aRev. ed. of: Biological control. 1973. aIncludes bibliographies and index. 0aPestsxBiological control.943723 0aInsect pestsxBiological control.9437231 aMessenger, P. S.9442411 aGutierrez, A. P.944242 2ddccBK c14166d14166 00102ddc40708NFICaRUCLbRUCLcStackd1984-04-22eTolpan co. singg22.75l0o632.96 VAI 1982r2014-02-05 00:00:00tC-2w2014-02-05yBK 00102ddc40718NFICaRUCLbRUCLcReadingd1984-04-22eToppan- Tulipg22.76l0o632.96 VAI 1982r2017-03-20 00:00:00tC-1w2017-03-20yBK 00102ddc40708NFICaRUCLbRUCLcStackd1986-01-22eTopper & co.g23.90l0o632.96 VAI 1982r2017-06-06 00:00:00tC-3w2017-06-06yBK 00102ddc40708NFICaRUCLbRUCLcStackd1984-04-22eTopper &Sonsg22.75l0o632.96 VAI 1982r2017-06-06 00:00:00tC-4w2017-06-06yBK 00102ddc40708NFICaRUCLbRUCLcStackd1984-09-16eTopper-Tulipg23.90l0o632.96 VAI 1982r2017-06-06 00:00:00tC-5w2017-06-06yBK